00379 2200157 4500001002100000005001500021035002000036245003900056100001600095300002600111260002800137082000800165084001400173020002200187990001200209INLIS00000000000293020250917091613 a0010-09250002771 aAir Mata Perpisahan /cAster Putih0 aAster Putih a188 hlm ;c13 x 19 cm aJakarta :bZettu,c2014 a813 a813 AST a a978-602-1588-60-4 a0755703